LEADER 01797nam 2200529 450 001 9910706554003321 005 20171129131529.0 035 $a(CKB)5470000002456907 035 $a(OCoLC)1013466540 035 $a(EXLCZ)995470000002456907 100 $a20171129j200104 ua 0 101 0 $aeng 135 $aurbn||||||||| 181 $ctxt$2rdacontent 182 $cc$2rdamedia 183 $acr$2rdacarrier 200 10$aHigh temperature fatigue crack growth behavior of Alloy 10 /$fJohn Gayda 210 1$aCleveland, Ohio :$cNational Aeronautics and Space Administration, Glenn Research Center,$dApril 2001. 215 $a1 online resource (14 pages) $cillustrations 225 1 $aNASA/TM ;$v2001-210814 300 $a"April 2001." 300 $a"Performing organization: National Aeronautics and Space Administration, John H. Glenn Research Center at Lewis Field"--Report documentation page. 320 $aIncludes bibliographical references (page 4). 606 $aCrack propagation$2nasat 606 $aEngine design$2nasat 606 $aFracture strength$2nasat 606 $aHeat of solution$2nasat 606 $aHigh strength alloys$2nasat 606 $aNiobium$2nasat 606 $aTantalum$2nasat 606 $aThermal fatigue$2nasat 615 7$aCrack propagation. 615 7$aEngine design. 615 7$aFracture strength. 615 7$aHeat of solution. 615 7$aHigh strength alloys. 615 7$aNiobium. 615 7$aTantalum. 615 7$aThermal fatigue. 700 $aGayda$b John$01400320 712 02$aNASA Glenn Research Center, 801 0$bGPO 801 1$bGPO 906 $aBOOK 912 $a9910706554003321 996 $aHigh temperature fatigue crack growth behavior of Alloy 10$93476733 997 $aUNINA LEADER 03402nam 2200589 450 001 9910787408203321 005 20170822122334.0 010 $a1-5381-2339-8 010 $a1-4422-3943-3 035 $a(CKB)3710000000363126 035 $a(EBL)2055676 035 $a(OCoLC)905378890 035 $a(SSID)ssj0001441784 035 $a(PQKBManifestationID)12631697 035 $a(PQKBTitleCode)TC0001441784 035 $a(PQKBWorkID)11420197 035 $a(PQKB)10403711 035 $a(MiAaPQ)EBC2055676 035 $a(EXLCZ)993710000000363126 100 $a20150304h20152015 uy 0 101 0 $aeng 135 $aur|n|---||||| 181 $ctxt 182 $cc 183 $acr 200 14$aThe prenatal bombshell $ehelp and hope when continuing or ending a precious pregnancy after an abnormal diagnosis /$fStephanie Azri and Sherokee Ilse 210 1$aLanham, Maryland :$cRowman & Littlefield,$d2015. 210 4$dİ2015 215 $a1 online resource (207 p.) 300 $aDescription based upon print version of record. 311 $a1-322-97565-5 311 $a1-4422-3942-5 320 $aIncludes bibliographical references. 327 $a""Contents""; ""Foreword""; ""Preface""; ""Acknowledgments""; ""Introduction""; ""I: The Journey of Continuing the Pregnancy""; ""1 Embrace Your Pregnancy""; ""2 Palliative Care and Perinatal Hospice""; ""3 Pressure from Others to Change Your Mind""; ""4 Family Dynamics""; ""5 Medical Issues""; ""6 Birth Plans and Preparation""; ""7 The Labor and Birth""; ""8 If Your Baby Is Born Alive""; ""9 If Your Baby Dies""; ""10 Memory Creation""; ""11 Saying Good-bye""; ""II: The Journey of Ending the Pregnancy""; ""12 Living beyond the Decision""; ""13 Regrets and Guilt""; ""14 Family Dynamics"" 327 $a""15 Holding onto Memories""""III: Continuing Your Healing Journey""; ""16 The Early Days""; ""17 Building Support from Others""; ""18 How Men and Women Grieve and Get Along""; ""19 Single Moms""; ""20 Supporting Your Children""; ""21 Workplace Issues""; ""22 Postpartum and Self-care""; ""23 Grief and Healing""; ""24 Down the Road a Bit""; ""25 Trying Again""; ""26 Subsequent Babies""; ""Resources""; ""Selected Bibliography""; ""About the Authors"" 330 $aFinding out your unborn child has been diagnosed with a poor or fatal prenatal diagnosis is devastating news sure to reverberate through your family's life forever. The emotional aspects of such a pregnancy and the practical implications of an adverse diagnosis are difficult to navigate. The Prenatal Bombshell is a warm and understanding companion guide through the journey from diagnosis and beyond once you've decided to either continue or end your precious pregnancy. Issues such as managing the pregnancy, delivery, termination, creating memories, future babies, and the long term impact of suc 606 $aPrenatal diagnosis$xPsychology$vPersonal narratives 606 $aAbortion$vPersonal narratives 606 $aBereavement$vPersonal narratives 615 0$aPrenatal diagnosis$xPsychology 615 0$aAbortion 615 0$aBereavement 676 $a618.32075 700 $aAzri$b Stephanie$01521417 702 $aIlse$b Sherokee 801 0$bMiAaPQ 801 1$bMiAaPQ 801 2$bMiAaPQ 906 $aBOOK 912 $a9910787408203321 996 $aThe prenatal bombshell$93760552 997 $aUNINA